North Dakota Counties Quiz - Statistics

General Stats
  • This quiz has been taken 13,272 times
  • The average score is 30 of 53
Answers on the Map
Answers color-coded by a green-red scale on the quiz's map according to % correct below.
 
Answer Stats
County % Correct
Sioux
76%
Adams
74%
Cass
74%
Grand Forks
74%
Divide
64%
Grant
63%
Pembina
63%
Burleigh
62%
Williams
62%
Billings
60%
Golden Valley
60%
Bottineau
59%
Bowman
59%
McKenzie
59%
Ward
59%
Rolette
58%
Cavalier
57%
Traill
57%
Benson
56%
Slope
56%
Stutsman
56%
McLean
55%
Morton
55%
Richland
55%
McHenry
54%
Walsh
54%
Kidder
53%
Mountrail
53%
Sargent
53%
Barnes
52%
Dickey
52%
Eddy
52%
Hettinger
52%
McIntosh
52%
Mercer
52%
Oliver
52%
Pierce
52%
Ramsey
52%
Ransom
52%
Renville
52%
LaMoure
51%
Logan
51%
Stark
51%
Steele
51%
Towner
51%
Burke
50%
Dunn
50%
Emmons
50%
Foster
50%
Sheridan
50%
Griggs
49%
Nelson
49%
Wells
49%
No matching quizzes found
Score Distribution
Percent of People with Each Score
Percentile by Number Answered
Your Score History
You have not taken this quiz